Genshin Impact Burst Lines - Luna V - Statistics

General Stats
  • This quiz has been taken 259 times
    61 since last reset
  • The average score is 51 of 111
Answer Stats
Hint Answer % Correct
Boreas, sweeping in! Varka
94%
Glory to the Shogun! Kujou Sara
91%
Midnight Phantasmagoria! Fischl
88%
AWOOOO *howls* Razor
85%
I will have order! Zhongli
85%
A new moon rises. Columbina
82%
Don't get frostbite. Kaeya
82%
Let's shred, Sharky! Mualani
82%
Fallen leaves...adorn my night. Kaedehara Kazuha
79%
Enhanced Anemo Module 75! Sucrose
79%
Remember, health comes first. Baizhu
73%
Suffer the wrath of Itztli! Citlali
73%
Vengeance will be mine! Eula
73%
Pyre, pyre, pants on fire! Hu tao
73%
Blow them aaaallll up! Klee
73%
As a good knight should. Noelle
73%
Twinjutsu! Sayu
73%
Thus saith the Anemo Archon! Dahlia
70%
Let my name echo in song! Furina
70%
Let me weave you a verse. Xingqiu
70%
Time to rock! Xinyan
70%
Teamwork is dreamwork! Bennett
67%
I swear by my sword! Jean
67%
Sakura swirl Kamisato Ayaka
67%
Now, you shall perish! Raiden Shogun
64%
Glory to Al-Ahmar! Sethos
64%
Evil conquering! Xiao
64%
Let engraved names echo! Xilonen
64%
Ding-dong, waterbomb! Aino
61%
Everlasting as the moon. Arlecchino
61%
The night cometh Flins
61%
Share in my knowledge. Nahida
61%
Fire!!! Well, with rocks. Navia
61%
You're toast! Xiangling
61%
Time for retribution! Diluc
58%
Surrender and I'll be gentle. Lisa
58%
Let's nip that in the bud! Tighnari
58%
Fietena, grant me strength! Varesa
58%
Bad dreams, be gone! Yumemizuki Mizuki
58%
Delicate as silk. Chiori
55%
Look at you, boozehound. Diona
55%
Pyroclastic surge! Mavuika
55%
Let the mighty be humbled. Neuvillette
55%
I swear, it's for medical research. Sigewinne
55%
Goldfish of doom! Yoimiya
55%
Ready, steady, go! Barbara
52%
Mighty mythical beast! Gaming
48%
Swift as the swallow. Lan Yan
48%
Hard-hitting exclusive! Charlotte
45%
Hands where I can see them! Chevreuse
45%
Preparing for dustup. Ineffa
45%
For the everlasting forest. Lauma
45%
Cue the spotlight! Lynette
45%
Opening box of Adepti tricks. Qiqi
45%
Think you can get away? Venti
45%
Wretched vermin! Wanderer
45%
Let's sweeten the deal! Dori
42%
Fate is upon you. Mona
42%
Covenant of the Deep! Sangonomiya Kokomi
42%
Nowhere to hide! Keqing
39%
For the Lord of the Night. Kinich
39%
Do your master's bidding! Shenhe
39%
Stray clouds, converge. Xianyun
39%
No one escapes my sights! Amber
36%
Just like we rehearsed! Collei
36%
Stars, shine for me. Layla
36%
Cyclone! Shikanoin Heizou
36%
Pain, pain, go away! Yaoyao
36%
The story has only just begun. Durin
33%
Goose on the loose! Escoffier
33%
Feast your eyes! Kaveh
33%
Service with a smile! Kirara
33%
Here comes the finale! Lyney
33%
Inadmissible evidence! Yanfei
33%
Witness my great undertaking Albedo
30%
From whence you came! Chongyun
30%
Judgement is upon you. Cyno
30%
Finders keepers! Jahoda
30%
Brace yourself, this is gonna hurt! Tartaglia
30%
Game's up, fun's over! Yelan
30%
The skies clear, the glaze moon shines. Zibai
30%
You're dead meat! Dehya
27%
Mind the deluge Kamisato Ayato
27%
The deception ends here. Nefer
27%
Go, you're free now. Ororon
27%
This could get a little chilly. Wriothesley
27%
Nothing lasts forever. Yae Miko
27%
A little ambience Emilie
24%
Start the clock! Iansan
24%
Leave the wounded to me! Mika
24%
Supporting fire! Thoma
24%
Diffract Alhaitham
21%
Hold on to your hats! Chasca
21%
Time to testify. Clorinde
21%
Clear the area! Kachina
21%
Lightning...purifies! Kuki Shinobu
21%
All eyes on me! Nilou
21%
Punishment! Rosaria
21%
Who wants some of this! Arataki itto
18%
This is long overdue. Ganyu
18%
C'mere, you little rascal! Ifa
18%
Paradigm Shift Skirk
18%
Truth repeats its course! Faruzan
15%
Submit! Ningguang
15%
To ashes! Beidou
12%
Hear my prayer! Candace
12%
Commencing cleanup Freminet
12%
Everyone on me! Gorou
12%
Begone, shadow of darkness! Illuga
12%
Strike as one! Yun Jin
12%
The hunt is on! Aloy
9%
No matching quizzes found
Score Distribution
Percent of People with Each Score
Percentile by Number Answered
Your Score History
You have not taken this quiz since the last reset